| 000 | 00377nam a2200133Ia 4500 | ||
|---|---|---|---|
| 008 | 220204s9999 xx 000 0 und d | ||
| 082 |
_a678.7+678.074 _bADV;1 |
||
| 245 | 0 | _aAdvances in synthetic rubbers and elastomers science and technology | |
| 260 |
_aWestport _bTechnomic _c1976 |
||
| 650 | _aHose | ||
| 650 | _aRubber compound | ||
| 650 | _aSynthetic rubbers | ||
| 942 | _cBK | ||
| 999 |
_c32040 _d32040 |
||